[Event "Spring Tournament 2016 1500-2400"]
[Site "SchemingMind.com"]
[Date "2016.05.07"]
[Round "-"]
[White "William Lindberg"]
[Black "Stephen Woodhouse"]
[Result "1-0"]
[WhiteCountry "USA"]
[BlackCountry "ENG"]
[WhiteElo "2320"]
[WhiteRD "66"]
[BlackElo "1831"]
[BlackRD "52"]
[GameID "398950"]

1. d4 e6 2. e4 d5 3. Nc3 Nf6 4. Bg5 dxe4 5. Nxe4 Be7 6. Bxf6 Bxf6 7. Nf3 O-O 8. Bc4 Nd7 9. O-O b6 10. Qe2 Bb7
11. Rad1 Bd5 12. a3 Qe7 13. Rfe1 Rae8 14. Bxd5 exd5 15. Nxf6+ Qxf6 16. Qxe8 Rxe8 17. Rxe8+ Nf8 18. Rc8 Qd6 19. Re1 g6 20. Ree8 Kg7
21. Rxf8 Qf4 22. h4 Qc1+ 23. Kh2 Qf4+ 24. Kh3 Qf5+ 25. Kg3 h5 26. Ne5
1-0

[Event "Spring Tournament 2016 1500-2400"]
[Site "SchemingMind.com"]
[Date "2016.05.06"]
[Round "-"]
[White "William Lindberg"]
[Black "Ed Mason"]
[Result "1-0"]
[WhiteCountry "USA"]
[BlackCountry "WLS"]
[WhiteElo "2392"]
[WhiteRD "70"]
[BlackElo "1622"]
[BlackRD "108"]
[GameID "398951"]

1. c4 Nf6 2. d4 g6 3. Nc3 Bg7 4. e4 d6 5. Nf3 O-O 6. Be2 Nc6 7. d5 Ne5 8. Nxe5 dxe5 9. O-O h5 10. Be3 Ng4
11. Bg5 f6 12. Bd2 f5 13. Qb3 f4 14. Rfd1 h4 15. c5 Kh7 16. h3 Nh6 17. f3 Nf7 18. Be1 g5 19. Rac1 Nh6 20. Nb5 a6
21. Na3 Rb8 22. Ba5 b6 23. cxb6 cxb6 24. Nc4 Rf6 25. Nxe5 Bd7 26. Nc6 Bxc6 27. dxc6 Qc7 28. Rd7 Qc8 29. c7 Rb7 30. Bxb6 Rfxb6
31. Qd5
1-0

[Event "Spring Tournament 2016 1500-2400"]
[Site "SchemingMind.com"]
[Date "2016.05.07"]
[Round "-"]
[White "Ed Mason"]
[Black "William Lindberg"]
[Result "0-1"]
[WhiteCountry "WLS"]
[BlackCountry "USA"]
[WhiteElo "1762"]
[WhiteRD "134"]
[BlackElo "2366"]
[BlackRD "67"]
[GameID "398952"]

1. e4 e6 2. d4 d5 3. Nd2 Be7 4. f4 c5 5. Ngf3 Nf6 6. e5 Ng4 7. Qe2 h5 8. b3 a5 9. Ba3 b6 10. O-O-O a4
11. Bb2 Ba6 12. Qe1 axb3 13. Nxb3 Bxf1 14. Rxf1 Nc6 15. Kb1 c4 16. Nbd2 b5 17. h3 Qa5 18. a3 Qa4 19. hxg4 Bxa3
0-1

[Event "Spring Tournament 2016 1500-2400"]
[Site "SchemingMind.com"]
[Date "2016.05.08"]
[Round "-"]
[White "Phillip Beckett"]
[Black "Robert Bruce"]
[Result "0-1"]
[WhiteCountry "ENG"]
[BlackCountry "SCO"]
[WhiteElo "1549"]
[WhiteRD "52"]
[BlackElo "2255"]
[BlackRD "63"]
[GameID "398959"]

1. d4 f5 2. e3 Nf6 3. Bd3 e6 4. Nd2 d5 5. f4 c5 6. c3 Nc6 7. Ngf3 Bd6 8. Ne5 Bd7 9. O-O O-O 10. Ndf3 Ne4
11. Nxd7 Qxd7 12. Ne5 Nxe5 13. fxe5 Be7 14. Bd2 Qc6 15. Be1 Rac8 16. Rc1 c4 17. Bb1 Qa6 18. Qh5 Qa4 19. Bg3 Nd2 20. Rf4 g5
21. Rf2 Nxb1 22. Rxb1 Qxa2 23. Rbf1 Qa4 24. h4 g4 25. Bf4 Qe8 26. Qxe8 Rfxe8 27. g3 h5 28. Bh6 a5 29. Ra1 Ra8 30. Ra4 Kh7
31. Bf4 b5 32. Ra2 b4 33. Rf1 bxc3 34. bxc3 a4 35. Rfa1 a3 36. Bg5 Bf8 37. Bf4 Reb8 38. Bg5 Rb2 39. Bf4 Rxa2 40. Rxa2 Rb8
41. e4 Rb1+ 42. Kf2 Rb2+
0-1

[Event "Spring Tournament 2016 1500-2400"]
[Site "SchemingMind.com"]
[Date "2016.05.08"]
[Round "-"]
[White "Robert Bruce"]
[Black "Phillip Beckett"]
[Result "1-0"]
[WhiteCountry "SCO"]
[BlackCountry "ENG"]
[WhiteElo "2255"]
[WhiteRD "63"]
[BlackElo "1549"]
[BlackRD "52"]
[GameID "398960"]

1. d4 d5 2. Nf3 Nf6 3. e3 e6 4. Bd3 c5 5. b3 Nc6 6. O-O cxd4 7. exd4 Bd7 8. c4 dxc4 9. bxc4 Be7 10. Nc3 O-O
11. a3 a6 12. Bf4 h6 13. d5 exd5 14. cxd5 Na5 15. d6 Bxd6 16. Bxd6 Re8 17. Re1 Rxe1+ 18. Qxe1 Be6 19. Rd1 Qb6 20. Be5 Rd8
21. Na4 Qc6 22. Bxf6 gxf6 23. Qxa5 Rc8 24. Nd4 Qc7 25. Qh5 Kg7 26. Nc5 Qxc5 27. Nxe6+ fxe6 28. Qg6+ Kf8 29. Qxf6+ Kg8 30. Bh7+ Kxh7
31. Rd7+
1-0

[Event "Spring Tournament 2016 1500-2400"]
[Site "SchemingMind.com"]
[Date "2016.05.08"]
[Round "-"]
[White "Scooter"]
[Black "Robert Bruce"]
[Result "0-1"]
[WhiteCountry "USA"]
[BlackCountry "SCO"]
[WhiteElo "1761"]
[WhiteRD "49"]
[BlackElo "2255"]
[BlackRD "63"]
[GameID "398961"]

1. e4 c6 2. d4 d5 3. Nc3 dxe4 4. Nxe4 Bf5 5. Ng3 Bg6 6. Nf3 Nd7 7. Bd3 e6 8. O-O Ngf6 9. Bg5 Be7 10. Re1 O-O
11. Ne4 Nxe4 12. Bxe7 Qxe7 13. Bxe4 Bh5 14. Qd3 Nf6 15. Ng5 h6 16. Nh7 Nxe4 17. Nxf8 Nf6 18. Nxe6 fxe6 19. f4 Qd6 20. Qe3 Bg4
21. h3 Bf5 22. c3 Nd5 23. Qe5 Qxe5 24. fxe5 g5 25. g4 Bd3 26. Rad1 Bg6 27. Rd2 Nf4 28. Re3 Rd8 29. Kf2 c5 30. Kg3 Kg7
31. h4 Be8 32. hxg5 hxg5 33. Re1 a6 34. Red1 cxd4 35. cxd4 Bb5 36. Rc1 Ne2+
0-1

[Event "Spring Tournament 2016 1500-2400"]
[Site "SchemingMind.com"]
[Date "2016.05.08"]
[Round "-"]
[White "Robert Bruce"]
[Black "Scooter"]
[Result "1-0"]
[WhiteCountry "SCO"]
[BlackCountry "USA"]
[WhiteElo "2250"]
[WhiteRD "61"]
[BlackElo "1731"]
[BlackRD "47"]
[GameID "398962"]

1. d4 Nf6 2. Nf3 d5 3. e3 Bg4 4. h3 Bxf3 5. Qxf3 Nbd7 6. c4 e6 7. Nc3 Bb4 8. Bd3 O-O 9. cxd5 Nxd5 10. O-O Bxc3
11. bxc3 Nxc3 12. Ba3 Re8 13. Qxb7 Nd5 14. Rfc1 Qc8 15. Qxc8 Rexc8 16. e4 N5f6 17. Ba6 Rcb8 18. Rxc7 h6 19. Bb7
1-0

[Event "Spring Tournament 2016 1500-2400"]
[Site "SchemingMind.com"]
[Date "2016.05.08"]
[Round "-"]
[White "fanfan_la_Tulipe"]
[Black "Robert Bruce"]
[Result "1/2-1/2"]
[WhiteCountry "AUT"]
[BlackCountry "SCO"]
[WhiteElo "2149"]
[WhiteRD "85"]
[BlackElo "2271"]
[BlackRD "66"]
[GameID "398963"]

1. Nf3 f5 2. c4 Nf6 3. Nc3 g6 4. g3 Bg7 5. Bg2 d6 6. d4 O-O 7. O-O Qe8 8. d5 Na6 9. Rb1 Nc5 10. b4 Nce4
11. Nb5 Qd8 12. Bb2 c6 13. Nc3 cxd5 14. Nxd5 Nxd5 15. Qxd5+ e6 16. Qd3 a5 17. Bxg7 Kxg7 18. a3 axb4 19. axb4 Qb6 20. Nd2 Nf6
21. Qc3 Rd8 22. e4 e5 23. c5 Qc7 24. Rbc1 dxc5 25. bxc5 Ra4 26. exf5 Bxf5 27. Qb3 Rad4 28. Nf3 Rd3 29. Qb2 e4 30. Ng5 Rd2
31. Qa1 R8d4 32. Rfe1 Qc6 33. Nh3 h6 34. Nf4 g5 35. Ne2 Rd5 36. Qc3 Bg4 37. Bf1 Kg8 38. Qc4 Kh8 39. Rb1 Rxc5 40. Qf7 Rd8
41. Rxb7 Nd7 42. Qe7 Rg8 43. Ra7 Rg7 44. Qe8+ Rg8 45. Qe7 Rg7 46. Qe8+ Rg8 47. Qe7 Rg7
1/2-1/2

[Event "Spring Tournament 2016 1500-2400"]
[Site "SchemingMind.com"]
[Date "2016.05.08"]
[Round "-"]
[White "Robert Bruce"]
[Black "fanfan_la_Tulipe"]
[Result "1-0"]
[WhiteCountry "SCO"]
[BlackCountry "AUT"]
[WhiteElo "2271"]
[WhiteRD "66"]
[BlackElo "2149"]
[BlackRD "85"]
[GameID "398964"]

1. d4 Nf6 2. Nf3 g6 3. Bg5 Bg7 4. Nbd2 d5 5. c3 O-O 6. e3 Nbd7 7. Be2 c6 8. h3 Re8 9. Bf4 Ne4 10. Nxe4 dxe4
11. Ng5 Nf6 12. Qb3 e6 13. Qc2 Nd5 14. Nxe4 Nxf4 15. exf4 Qc7 16. Qd2 b6 17. h4 h5 18. O-O-O Bb7 19. Qe3 Red8 20. f3 Bh6
21. g3 c5 22. dxc5 e5 23. cxb6 axb6 24. Rxd8+ Rxd8 25. Ng5 exf4 26. Qxf4 Qe7 27. Rd1 Rxd1+ 28. Kxd1 Qd7+ 29. Ke1 Bd5 30. Qb8+ Kg7
31. Qxb6 Bxa2 32. b4 Bxg5 33. hxg5 Qh3 34. Qg1 Qf5 35. Qd4+ Kg8 36. b5 Qxg5 37. Kf2 Qf5 38. b6 Qh3 39. b7 Qh2+ 40. Ke3
1-0

[Event "Spring Tournament 2016 1500-2400"]
[Site "SchemingMind.com"]
[Date "2016.05.08"]
[Round "-"]
[White "Stephen Woodhouse"]
[Black "Robert Bruce"]
[Result "0-1"]
[WhiteCountry "ENG"]
[BlackCountry "SCO"]
[WhiteElo "1849"]
[WhiteRD "52"]
[BlackElo "2255"]
[BlackRD "63"]
[GameID "398965"]

1. e4 c6 2. d4 d5 3. exd5 cxd5 4. c4 Nf6 5. Nc3 Nc6 6. Nf3 Bg4 7. cxd5 Nxd5 8. Qb3 Bxf3 9. gxf3 e6 10. Qxb7 Nxd4
11. Bb5+ Nxb5 12. Qc6+ Ke7 13. Qxb5 Qd7 14. Bg5+ f6 15. Nxd5+ exd5 16. Qxd7+ Kxd7 17. Bd2 Rc8 18. Rc1 Rxc1+ 19. Bxc1 Bd6 20. Be3 a5
21. b3 a4 22. Kd2 Ke6 23. h3 Kf5 24. Rg1 axb3 25. axb3 g5 26. Rb1 Ra8 27. b4 Ke5 28. Kd3 Ra3+ 29. Ke2 d4 30. Bc1 Ra2+
31. Bd2 Kd5 32. Kd3 Ra3+ 33. Ke2 Bc7 34. b5 Bb6 35. Rc1 Rb3 36. Rc6 d3+ 37. Kf1 Bd4 38. f4 Rxb5 39. Rc7 gxf4 40. Bxf4 Rb2
41. Rd7+ Ke4 42. Bh6 Kf3 43. Ke1 Bc3+ 44. Kd1 Rb1+ 45. Bc1 d2 46. Rd3+ Kxf2 47. Rxc3 dxc1=Q+
0-1

[Event "Spring Tournament 2016 1500-2400"]
[Site "SchemingMind.com"]
[Date "2016.05.09"]
[Round "-"]
[White "Robert Bruce"]
[Black "Stephen Woodhouse"]
[Result "1-0"]
[WhiteCountry "SCO"]
[BlackCountry "ENG"]
[WhiteElo "2250"]
[WhiteRD "61"]
[BlackElo "1831"]
[BlackRD "52"]
[GameID "398966"]

1. d4 e6 2. e3 d5 3. Nf3 Nf6 4. Bd3 c5 5. b3 Nc6 6. O-O Bd6 7. Bb2 O-O 8. dxc5 Bxc5 9. a3 Qc7 10. Nbd2 Bd7
11. c4 dxc4 12. Nxc4 Rae8 13. b4 Be7 14. b5 Na5 15. Be5 Qd8 16. Nd6 Nd5 17. Nxe8 Rxe8 18. Qc2 Qb6 19. Bd4 Qc7 20. Bxh7+ Kf8
21. Ne5 Bxb5 22. Qb2 Bxf1 23. Nd7+ Qxd7 24. Bxg7#
1-0

[Event "Spring Tournament 2016 1500-2400"]
[Site "SchemingMind.com"]
[Date "2016.05.09"]
[Round "-"]
[White "Robert Bruce"]
[Black "William Lindberg"]
[Result "0-1"]
[WhiteCountry "SCO"]
[BlackCountry "USA"]
[WhiteElo "2255"]
[WhiteRD "63"]
[BlackElo "2366"]
[BlackRD "67"]
[GameID "398967"]

1. d4 Nf6 2. Nf3 e6 3. Bg5 Be7 4. Nbd2 d5 5. e3 O-O 6. Bd3 b6 7. c3 Nbd7 8. Qa4 c5 9. Ne5 Bb7 10. O-O h6
11. Nxd7 Nxd7 12. Bxe7 Qxe7 13. f4 c4 14. Bb1 f5 15. Nf3 a5 16. Bc2 Rfc8 17. Qa3 Qf7 18. g4 b5 19. Rf2 Ra6 20. Ne5 Nxe5
21. fxe5 g6 22. gxf5 exf5 23. h4 h5 24. Rg2 Kh8 25. Bd1 Kh7 26. Bf3 Rc7 27. Rf2 Bc8 28. Kh2 Qe8 29. Rg2 f4 30. exf4 Qf7
31. f5 Qxf5 32. Qe7+ Rxe7
0-1

[Event "Spring Tournament 2016 1500-2400"]
[Site "SchemingMind.com"]
[Date "2016.05.09"]
[Round "-"]
[White "William Lindberg"]
[Black "Robert Bruce"]
[Result "1-0"]
[WhiteCountry "USA"]
[BlackCountry "SCO"]
[WhiteElo "2392"]
[WhiteRD "70"]
[BlackElo "2258"]
[BlackRD "65"]
[GameID "398968"]

1. Nc3 c5 2. e4 Nc6 3. Nf3 g6 4. d4 cxd4 5. Nxd4 Bg7 6. Be3 Nf6 7. Bc4 O-O 8. Bb3 d6 9. f3 Bd7 10. Nxc6 bxc6
11. O-O Qc7 12. Qd2 c5 13. Bc4 Be6 14. Bxe6 fxe6 15. Rad1 Qa5 16. e5 dxe5 17. Qd3 Rab8 18. Qc4 Rxb2 19. Na4 Rb7 20. Nxc5 Rc7
21. Qxe6+ Kh8 22. Nd7 Nxd7 23. Rxd7 Rxd7 24. Qxd7 Qxa2 25. Qxe7 Qxc2 26. Rc1 Qb2 27. h3 a5 28. Rc7 Rg8 29. Kh2 Qb4 30. Qe6 Qb8
31. Qc6 e4 32. f4 g5 33. Qc5 Qd8 34. fxg5 Re8 35. Rb7 Be5+ 36. Kh1 Qd3 37. Qa7 Qd1+ 38. Bg1 Qh5 39. Re7 Kg8 40. Rxe8+ Qxe8
41. Qxa5 Kh8 42. Qd5 Bc3 43. Be3 Qe7 44. h4 Qe8 45. g4 Qf8 46. Bd4+ Bxd4 47. Qxd4+ Kg8 48. Qd5+ Kh8 49. Qe5+ Kg8 50. Qe6+ Qf7
51. Qxf7+ Kxf7 52. Kg2 Ke6 53. Kf2 Ke5 54. h5 Ke6 55. Ke3 Ke7 56. Kxe4 Kf7 57. Ke5 Kg7 58. Kf5 Kf8 59. g6 hxg6+ 60. Kxg6 Kg8
61. h6 Kh8 62. g5 Kg8 63. Kf6 Kh7 64. g6+ Kg8 65. g7
1-0

[Event "Spring Tournament 2016 1500-2400"]
[Site "SchemingMind.com"]
[Date "2016.05.09"]
[Round "-"]
[White "Robert Bruce"]
[Black "Ed Mason"]
[Result "1-0"]
[WhiteCountry "SCO"]
[BlackCountry "WLS"]
[WhiteElo "2258"]
[WhiteRD "65"]
[BlackElo "1622"]
[BlackRD "108"]
[GameID "398969"]

1. f4 Nf6 2. Nf3 g6 3. g3 Bg7 4. Bg2 O-O 5. O-O d6 6. d3 Nc6 7. e4 e5 8. Nc3 Be6 9. f5 gxf5 10. exf5 Bxf5
11. Nxe5 Nxe5 12. Rxf5 Qd7 13. Qf1 Qe7 14. Bg5 Ned7 15. Re1 Qd8 16. Nd5 Kh8 17. Be4 h6 18. Rxf6 Bxf6 19. Qf5 hxg5 20. Qh7#
1-0

[Event "Spring Tournament 2016 1500-2400"]
[Site "SchemingMind.com"]
[Date "2016.05.09"]
[Round "-"]
[White "Phillip Beckett"]
[Black "hmvais"]
[Result "0-1"]
[WhiteCountry "ENG"]
[BlackCountry "ARG"]
[WhiteElo "1572"]
[WhiteRD "52"]
[BlackElo "2023"]
[BlackRD "92"]
[GameID "399044"]

1. d4 f5 2. e3 Nf6 3. Bd3 d5 4. Nd2 e6 5. f4 Be7 6. Ngf3 O-O 7. O-O c5 8. c3 Nc6 9. Ne5 Nxe5 10. fxe5 Ne4
11. Qh5 Bd7 12. Nf3 c4 13. Bc2 Qe8 14. Qxe8 Bxe8 15. Bd2 a5 16. Bxe4 fxe4 17. Ne1 Rxf1+ 18. Kxf1 Bh5 19. g3 Rf8+ 20. Kg1 Be2
21. Ng2 g5 22. Re1 Bf3 23. Rf1 h5 24. Ne1 a4 25. Nxf3 exf3 26. Kf2 g4 27. Re1 a3 28. b4 cxb3 29. axb3 Ra8 30. Ra1 a2
31. b4 b5 32. Be1 Ra3 33. Bd2 Kf7 34. Be1 Kg6 35. Bd2 Kf5 36. Be1 Ke4 37. Bd2 Bg5 38. Be1 Bxe3+ 39. Kf1 Kd3 40. Rd1+ Kc2
41. Ra1 Kb2
0-1

[Event "Spring Tournament 2016 1500-2400"]
[Site "SchemingMind.com"]
[Date "2016.05.10"]
[Round "-"]
[White "hmvais"]
[Black "Phillip Beckett"]
[Result "1-0"]
[WhiteCountry "ARG"]
[BlackCountry "ENG"]
[WhiteElo "2044"]
[WhiteRD "105"]
[BlackElo "1556"]
[BlackRD "49"]
[GameID "399045"]

1. d4 d5 2. Nf3 Nf6 3. Nc3 e6 4. e3 c5 5. Be2 Nc6 6. O-O cxd4 7. exd4 Be7 8. Ne5 Qc7 9. Bf4 Nxe5 10. Bxe5 Bd6
11. Nb5 Qb8 12. Nxd6+
1-0

[Event "Spring Tournament 2016 1500-2400"]
[Site "SchemingMind.com"]
[Date "2016.05.09"]
[Round "-"]
[White "Scooter"]
[Black "hmvais"]
[Result "0-1"]
[WhiteCountry "USA"]
[BlackCountry "ARG"]
[WhiteElo "1761"]
[WhiteRD "49"]
[BlackElo "1990"]
[BlackRD "94"]
[GameID "399046"]

1. d4 Nf6 2. Nf3 e6 3. Bg5 Be7 4. e3 h6 5. Bxf6 Bxf6 6. Be2 O-O 7. O-O d5 8. Nbd2 Nc6 9. c4 a5 10. cxd5 exd5
11. Bb5 Bf5 12. Rc1 Na7 13. Be2 Nc6 14. Bb5 Nb4 15. a3 Nd3 16. Rc3 Nxb2 17. Qb3 Nc4 18. Bxc4 dxc4 19. Qxc4 c6 20. Rfc1 Re8
21. Nb3 Qd6 22. Nc5 Rab8 23. a4 b5 24. axb5 cxb5 25. Qa2 a4 26. Nd3 b4 27. Rc6 Qf8 28. Nde5 b3 29. Qb2 a3
0-1

[Event "Spring Tournament 2016 1500-2400"]
[Site "SchemingMind.com"]
[Date "2016.05.10"]
[Round "-"]
[White "hmvais"]
[Black "fanfan_la_Tulipe"]
[Result "1-0"]
[WhiteCountry "ARG"]
[BlackCountry "AUT"]
[WhiteElo "2064"]
[WhiteRD "91"]
[BlackElo "2149"]
[BlackRD "85"]
[GameID "399048"]

1. c4 e5 2. e4 Nf6 3. Nc3 Bc5 4. d3 Nc6 5. Be2 h6 6. Nf3 d6 7. O-O O-O 8. Na4 Bd4 9. Nxd4 Nxd4 10. b3 Bd7
11. Nc3 Nh7 12. f3 f5 13. Be3 Nf6 14. a4 Nxe2+ 15. Qxe2 f4 16. Bf2 g5 17. d4 g4 18. dxe5 gxf3 19. Qxf3 dxe5 20. h3 c6
21. Bc5 Re8 22. Rad1 Kh7 23. Rd2 Re6 24. g3 Qg8 25. Rg2 b6 26. gxf4 Qxg2+ 27. Kxg2 Rg8+ 28. Kh2 bxc5 29. fxe5 Ne8 30. Qf7+ Rg7
31. Qf5+ Reg6 32. Qf3 Nc7 33. Ne2 Ne6 34. Rd1 Ng5 35. Qe3 Bxh3 36. Nf4 Bg4 37. Rf1 Rf7 38. Qg1
1-0

[Event "Spring Tournament 2016 1500-2400"]
[Site "SchemingMind.com"]
[Date "2016.05.10"]
[Round "-"]
[White "fanfan_la_Tulipe"]
[Black "hmvais"]
[Result "0-1"]
[WhiteCountry "AUT"]
[BlackCountry "ARG"]
[WhiteElo "2085"]
[WhiteRD "86"]
[BlackElo "2065"]
[BlackRD "88"]
[GameID "399049"]

1. Nf3 Nf6 2. c4 Nc6 3. d4 e6 4. a3 d5 5. Nc3 Bd6 6. e3 O-O 7. Bd3 dxc4 8. Bxc4 e5 9. d5 Na5 10. Ba2 b6
11. b4 Nb7 12. e4 a5 13. b5 Nc5 14. Qc2 Bg4 15. Bg5 h6 16. Be3 Nh5 17. Nd2 Nf4 18. O-O Ne2+ 19. Nxe2 Bxe2 20. Bxc5 Bxc5
21. Rfe1 Bxb5 22. a4 Bd7 23. Nf3 Qf6 24. Bc4 Rad8 25. Rad1 Ra8 26. Rd3 Qf4 27. Bb3 Rad8 28. g3 Qf6 29. Nh4 Bg4 30. Kg2 Rc8
31. h3 Bd7 32. Rf3 Qg5 33. Nf5 g6 34. Ne3 Bd4 35. Rc1 Qh5 36. g4 Qg5 37. Qe2 Bc5 38. Rh1 Qh4 39. Nc4 Bd4 40. Ne3 Bc5
41. Nc4 Bd4 42. Ne3 Kg7 43. Bc2 Rh8 44. Bb3 h5 45. d6 Rcf8 46. dxc7 hxg4 47. Rg3 gxh3+ 48. Kh2 Qxe4 49. Bd5 Qf4 50. Bb7 e4
51. Rc1 Be5 52. Rc4 Qg5 53. Rxe4 Bxc7 54. Qb2+ f6 55. Re7+ Rf7 56. Rxf7+ Kxf7 57. Qb3+ Kg7 58. Qd3 Bxa4 59. Qe4 Bxg3+ 60. fxg3 Bb5
61. Qe7+ Kh6
0-1

[Event "Spring Tournament 2016 1500-2400"]
[Site "SchemingMind.com"]
[Date "2016.05.10"]
[Round "-"]
[White "hmvais"]
[Black "Stephen Woodhouse"]
[Result "1/2-1/2"]
[WhiteCountry "ARG"]
[BlackCountry "ENG"]
[WhiteElo "1990"]
[WhiteRD "94"]
[BlackElo "1849"]
[BlackRD "52"]
[GameID "399050"]

1. c4 e6 2. Nc3 d5 3. e3 Nf6 4. Nf3 c5 5. cxd5 exd5 6. Bb5+ Nc6 7. d4 a6 8. Bxc6+ bxc6 9. O-O Bd6 10. e4 Nxe4
11. Nxe4 dxe4 12. dxc5 exf3 13. Qxd6 Qxd6 14. cxd6 fxg2 15. Kxg2 Be6 16. Bf4 Kd7 17. Rfd1 h6 18. f3 Rab8 19. b3 Rb5 20. Rd4 g5
21. Bd2 Rd5 22. Rxd5 Bxd5 23. Bb4 Rb8 24. Bc5 a5 25. Re1 Re8 26. Rxe8 Kxe8=
1/2-1/2

[Event "Spring Tournament 2016 1500-2400"]
[Site "SchemingMind.com"]
[Date "2016.05.09"]
[Round "-"]
[White "Stephen Woodhouse"]
[Black "hmvais"]
[Result "1/2-1/2"]
[WhiteCountry "ENG"]
[BlackCountry "ARG"]
[WhiteElo "1849"]
[WhiteRD "52"]
[BlackElo "1990"]
[BlackRD "94"]
[GameID "399051"]

1. e4 e5 2. Nf3 Nf6 3. d4 d5 4. Nxe5 Nxe4 5. Bd3 Bb4+ 6. c3 Be7 7. O-O O-O 8. Nd2 f6 9. Nef3 f5 10. Ne5 Nd7
11. Nxd7 Qxd7 12. f3 Nd6 13. Re1 Bh4 14. Re2 Re8 15. Nf1 Rxe2 16. Qxe2 Qf7 17. Bf4 Bd7 18. Ng3 Re8 19. Qc2 g6 20. Qd2 Qe7
21. Kf1 c6 22. Re1 Nc4 23. Bxc4 Qxe1+ 24. Qxe1 Rxe1+ 25. Kxe1 dxc4 26. Ke2 Kf7 27. Nf1 Be6 28. Ne3 h5 29. Bg3 Bxg3 30. hxg3 b5
31. Nd1 Kf6 32. Ne3=
1/2-1/2

[Event "Spring Tournament 2016 1500-2400"]
[Site "SchemingMind.com"]
[Date "2016.05.09"]
[Round "-"]
[White "hmvais"]
[Black "Robert Bruce"]
[Result "0-1"]
[WhiteCountry "ARG"]
[BlackCountry "SCO"]
[WhiteElo "1990"]
[WhiteRD "94"]
[BlackElo "2255"]
[BlackRD "63"]
[GameID "399052"]

1. c4 c6 2. Nc3 d5 3. cxd5 cxd5 4. d4 Nf6 5. e3 Nc6 6. Nf3 Bf5 7. Ne5 Nd7 8. Nxc6 bxc6 9. Ba6 Rb8 10. O-O e6
11. f3 Qb6 12. e4 Bg6 13. Be2 dxe4 14. fxe4 e5 15. Be3 Qxb2 16. Rc1 Qa3 17. d5 Bxe4 18. Bg4 Nf6 19. Rxf6 gxf6 20. Bd7+ Kd8
21. dxc6 Kc7 22. Be6 Bd6 23. Bb3 f5 24. Nxe4 fxe4 25. Qh5 Rhe8 26. Qxh7 Re7 27. Qf5 a5 28. Qd7+ Rxd7 29. cxd7+ Kxd7
0-1

[Event "Spring Tournament 2016 1500-2400"]
[Site "SchemingMind.com"]
[Date "2016.05.10"]
[Round "-"]
[White "Robert Bruce"]
[Black "hmvais"]
[Result "1-0"]
[WhiteCountry "SCO"]
[BlackCountry "ARG"]
[WhiteElo "2255"]
[WhiteRD "63"]
[BlackElo "1990"]
[BlackRD "94"]
[GameID "399053"]

1. f4 e6 2. Nf3 d5 3. e3 Bd6 4. Be2 Nh6 5. c4 dxc4 6. Bxc4 O-O 7. O-O Nd7 8. Nc3 Nb6 9. Bb3 Nf5 10. d4 c6
11. e4 Nh4 12. Be3 Ng6 13. Ne5 Bxe5 14. dxe5 Nd7 15. Qd6 Re8 16. Rad1 Qe7 17. Rf2 Ngf8 18. g3 f6 19. exf6 gxf6 20. g4 Qg7
21. g5 Kh8 22. Rg2 fxg5 23. Rxg5 Ng6 24. h4 h6 25. Rg3 Nf6 26. f5 exf5 27. h5
1-0

[Event "Spring Tournament 2016 1500-2400"]
[Site "SchemingMind.com"]
[Date "2016.05.09"]
[Round "-"]
[White "hmvais"]
[Black "William Lindberg"]
[Result "0-1"]
[WhiteCountry "ARG"]
[BlackCountry "USA"]
[WhiteElo "1990"]
[WhiteRD "94"]
[BlackElo "2366"]
[BlackRD "67"]
[GameID "399054"]

1. d4 d5 2. Nf3 Nf6 3. e3 e6 4. Bd3 b6 5. O-O Bb7 6. Nc3 Be7 7. Ne5 O-O 8. Bd2 c5 9. Qf3 Nc6 10. Nxc6 Bxc6
11. a4 a6 12. h3 Bb7 13. b3 Qc7 14. dxc5 Bxc5 15. Rfe1 Bd6 16. Rad1 Rfe8 17. e4 Rac8 18. exd5 exd5 19. Nb1 Ne4 20. Qg4 Bh2+
21. Kf1 f5 22. Qxf5 g6 23. Qf3 Nxf2 24. Rxe8+ Rxe8 25. Qxf2 Rf8 26. Qxf8+ Kxf8 27. Re1 Kg7 28. Re2 Qc5 29. Be3 d4 30. Bf2 Kh6
31. Nd2 Qf8 32. Be4 Bxe4 33. Rxe4 Bg3 34. Nf3 Bxf2 35. Kxf2 Qf5 36. Rxd4 Qxc2+ 37. Kg3 Qxb3 38. h4 b5
0-1

[Event "Spring Tournament 2016 1500-2400"]
[Site "SchemingMind.com"]
[Date "2016.05.10"]
[Round "-"]
[White "William Lindberg"]
[Black "hmvais"]
[Result "1-0"]
[WhiteCountry "USA"]
[BlackCountry "ARG"]
[WhiteElo "2366"]
[WhiteRD "67"]
[BlackElo "1990"]
[BlackRD "94"]
[GameID "399055"]

1. c4 Nf6 2. d4 e6 3. Nf3 Be7 4. Nc3 d5 5. Bf4 O-O 6. e3 Nh5 7. Be5 Nc6 8. cxd5 exd5 9. h3 Re8 10. Rc1 Nf6
11. a3 Ne4 12. Bf4 Bf5 13. Bb5 g5 14. Bh2 a6 15. Bxc6 bxc6 16. Nxe4 Bxe4 17. Rxc6 Ra7 18. O-O Rb7 19. Qe2 Bxf3 20. Qxf3 Qc8
21. Qxd5 Rd8 22. Qc4 Qd7 23. b4 Bd6 24. Bxd6 cxd6 25. Rc1 a5 26. bxa5 Qf5 27. a6 Rb2 28. f3 d5 29. Qc3 Rbb8 30. a7 Ra8
31. Rc7 Qe6 32. Qb3 Kg7 33. Kf2 Qf5 34. R1c6 h5 35. Re7 g4 36. Re5 Qh7 37. Qb6
1-0

[Event "Spring Tournament 2016 1500-2400"]
[Site "SchemingMind.com"]
[Date "2016.05.09"]
[Round "-"]
[White "hmvais"]
[Black "Ed Mason"]
[Result "1-0"]
[WhiteCountry "ARG"]
[BlackCountry "WLS"]
[WhiteElo "2023"]
[WhiteRD "92"]
[BlackElo "1622"]
[BlackRD "108"]
[GameID "399056"]

1. c4 Nf6 2. Nc3 g6 3. e4 d6 4. Nf3 Bg7 5. d4 Nc6 6. d5 Ne5 7. Nxe5 dxe5 8. Be2 O-O 9. O-O h5 10. c5 Bg4
11. f3 Bd7 12. f4 exf4 13. Bxf4 Qc8 14. e5 Ng4 15. Qd4 Bf5 16. h3 Nh6 17. Qe3 Kh7 18. Qf2 f6 19. e6 g5 20. Bh2 g4
21. Bf4 c6 22. Bxh6 Kxh6 23. Qf4+ Kg6 24. Qxf5+ Kh6 25. Bd3 Qe8 26. Qf4#
1-0

[Event "Spring Tournament 2016 1500-2400"]
[Site "SchemingMind.com"]
[Date "2016.05.10"]
[Round "-"]
[White "Ed Mason"]
[Black "hmvais"]
[Result "0-1"]
[WhiteCountry "WLS"]
[BlackCountry "ARG"]
[WhiteElo "1622"]
[WhiteRD "108"]
[BlackElo "2023"]
[BlackRD "92"]
[GameID "399057"]

1. e4 e5 2. Nf3 Nf6 3. Nxe5 d6 4. Nf3 Nxe4 5. d4 d5 6. Bd3 Be7 7. Qe2 O-O 8. Bxe4 dxe4 9. Qxe4 Bb4+ 10. c3 Re8
11. Qxe8+ Qxe8+ 12. Be3 Bd6 13. O-O f6 14. Nbd2 Na6 15. Rfe1 Qg6 16. Rad1 Bh3 17. Nh4 Qh5 18. Nhf3 Qg4 19. g3 Qh5
0-1

[Event "Spring Tournament 2016 1500-2400"]
[Site "SchemingMind.com"]
[Date "2016.05.12"]
[Round "-"]
[White "emvarela"]
[Black "Phillip Beckett"]
[Result "1/2-1/2"]
[WhiteCountry "ARG"]
[BlackCountry "ENG"]
[WhiteElo "1693"]
[WhiteRD "50"]
[BlackElo "1549"]
[BlackRD "51"]
[GameID "399136"]

1. e4 e5 2. Nf3 Nc6 3. Bb5 a6 4. Bxc6 dxc6 5. O-O Qd6 6. d3 Bg4 7. h3 h5 8. hxg4 hxg4 9. g3 gxf3 10. Qxf3 Nh6
11. Kg2 O-O-O 12. Bg5 Be7 13. Bxe7 Qxe7 14. Rh1 Qg5 15. Rh5 Qg6 16. Nd2 Qg4 17. Qxg4+ Nxg4 18. Rah1 Rxh5 19. Rxh5 f6 20. Rh7 Rd7
21. Kf3 Nh6 22. Rh8+ Rd8 23. Rxd8+ Kxd8 24. g4 Kd7 25. Kg3 Ke6 26. f4 exf4+ 27. Kxf4 g5+ 28. Kg3 Nf7 29. Nf3 Ne5 30. Nxe5 Kxe5
31. Kf3 c5 32. c3 b5 33. Ke3 c6 34. d4+ cxd4+ 35. cxd4+ Kd6 36. a3 Ke6 37. b3 Kd6 38. Kd3 Ke6 39. a4 Kd6=
1/2-1/2